00855nam a22002177a 4500999001900000005001700019010001500036020002700051035001300078037001300091082001600104100001500120245017200135250001100307260003100318270008400349300002500433500002000458942003000478952012900508 c101745d10174520181205144350.0 aENG-115622 a9789351437116c1895.00 aEN-99154 bDBAD/PUB a353.5409944 aGupta,Apar aCommentary on information technology act :cby Apar Gupta ; revised by Akshay Sapre balong with rules, regulations, orders guidelines, reports and policy documents / a3rd ed aGurgaon bLexisNexisc2016 a14th Floor, Building No.10, Tower-B, DLF Cyber City, Phase-IIbGurgaon e122002 axlii,669p.c25cm(Hb) aIncludes index  2ddccENmGUPh343.5409944 001040718NFICaDBADbBNd2016-08-02eDBAD/PUBg1895.00l0o343.5409944 GUPpEN-99154r2016-08-02 00:00:00t1v1895.00yEN